UM Logo

Research big leap for filipinos UP millennial scientists say kalayaan/ (Record no. 15222)

MARC details
000 -LEADER
fixed length control field 00414nam a22001217a 4500
008 - FIXED-LENGTH DATA ELEMENTS--GENERAL INFORMATION
fixed length control field 200306b ||||| |||| 00| 0 eng d
100 ## - MAIN ENTRY--PERSONAL NAME
9 (RLIN) 42007
Personal name Enano, Jhesset O.
245 ## - TITLE STATEMENT
Title Research big leap for filipinos UP millennial scientists say kalayaan/
Statement of responsibility, etc. Jhesset O. Enano.
260 ## - PUBLICATION, DISTRIBUTION, ETC. (IMPRINT)
Place of publication, distribution, etc. Philippines;
Name of publisher, distributor, etc. Philippine Daily Inquirer,
Date of publication, distribution, etc. ©2019.
300 ## - PHYSICAL DESCRIPTION
Extent page A10;
Dimensions 29.5cm.
650 ## - SUBJECT ADDED ENTRY--TOPICAL TERM
Topical term or geographic name as entry element Research.
9 (RLIN) 42008
942 ## - ADDED ENTRY ELEMENTS (KOHA)
Source of classification or shelving scheme Dewey Decimal Classification
Koha item type Periodicals
Holdings
Withdrawn status Lost status Source of classification or shelving scheme Damaged status Not for loan Collection code Home library Current library Date acquired Total Checkouts Date last seen Price effective from Koha item type Public note
    Dewey Decimal Classification     Periodicals UM Digos College - LIC UM Digos College - LIC 03/06/2020   03/06/2020 03/06/2020 Periodicals Newspaper Clippings